|
|
|
|
| LEADER |
00000nam0a2200000 4500 |
| 001 |
17515 |
| 005 |
20231030190928.0 |
| 035 |
|
|
|a (RuTPU)RU\TPU\book\17659
|
| 035 |
|
|
|a BOOK00017729
|
| 090 |
|
|
|a 17515
|
| 100 |
|
|
|a 20011209d1992 m y0rusy50 ca
|
| 101 |
0 |
|
|a rus
|
| 102 |
|
|
|a RU
|
| 105 |
|
|
|a y z 000zy
|
| 200 |
1 |
|
|a Ваш иностранный партнер
|f Л. К. Коршунова
|
| 210 |
|
|
|a Москва
|c Финвест
|d 1992
|
| 215 |
|
|
|a 44 с.
|
| 225 |
1 |
|
|a Азбука рыночной экономики
|
| 225 |
1 |
|
|a Внешнеэкономические связи
|
| 333 |
|
|
|a Исключено из фонда НТБ ТПУ
|
| 700 |
|
1 |
|a Коршунова
|b Л. К.
|g Лариса Константиновна
|
| 801 |
|
0 |
|a RU
|b 63413507
|c 20011209
|g PSBO
|
| 801 |
|
2 |
|a RU
|b 63413507
|c 20170529
|g PSBO
|
| 942 |
|
|
|c BK
|